000 01125nam a2200277 a 4500
003 CO-ViMGA
005 20230915233134.0
008 130718s2013 ck a gr 00010 spa d
020 _a9789588595115
040 _aCO-ViMGA
_bspa
_cCO-ViMGA
082 0 4 _a639.3
_bF85p
110 2 _aFundacion Hogares Juveniles Campesinos
_910118
245 1 0 _aPiscicultura
_bguia practica
_cFundacion Hogares Juveniles Campesinos ; revision tecnica Carlos Arturo Iregui Castro.
250 _aEdicion especial para El Ministerio de Cultura, Biblioteca Nacional de Colombia
260 _aBogota
_bEditorial Grania
_c2013
300 _a93 pg̀inas
_bilustraciones
_c18 cm
_e1 DVD
490 0 _aColeccion 50 aǫs
500 _aEl DVD es complemento del libro
650 1 4 _a Cria de animales
_xHabitos y conducta
_vGuias
_2LEMB
_924720
650 1 4 _aControl de peces
_vGuias
_2LEMB
_924718
650 1 4 _aPiscicultura
_2LEMB
_vGuias
_923766
650 1 4 _aSiembra de peces
_vGuias
_2LEMB
_924719
700 1 0 _aForero Barrera, Gilma Ines
_einvestigadora
_940373
700 1 0 _aIregui Castro, Carlos Arturo
_erevisor tecnico
_940372
942 _2ddc
_cBK
999 _c4098
_d4098